Loading...
| Religion | 0 | 2 | 0 | 0 | 20 | 88 | 94.00 | 0 | 0 | 2.37 | 8.33 |
| Geography | 0 | 1 | 0 | 0 | 10 | 61 | 61.00 | 0 | 1 | 7.17 | 14.81 |
| History - American | 0 | 1 | 0 | 0 | 10 | 71 | 71.00 | 0 | 0 | 2.88 | 4.55 |
| History - European | 0 | 1 | 0 | 0 | 10 | 59 | 59.00 | 0 | 1 | 4.21 | 4.55 |
| History - Other | 0 | 1 | 0 | 0 | 10 | 60 | 60.00 | 0 | 1 | 4.13 | 6.82 |
| Literature - American | 0 | 1 | 0 | 0 | 10 | 70 | 70.00 | 0 | 1 | 3.41 | 8.08 |
| Literature - European | 0 | 1 | 0 | 0 | 10 | 45 | 45.00 | 0 | 1 | 5.79 | 7.95 |
| Literature - World | 0 | 1 | 0 | 0 | 10 | 84 | 84.00 | 0 | 1 | 2.73 | 7.95 |
| Social Science | 0 | 1 | 0 | 0 | 10 | 65 | 65.00 | 0 | 1 | 5.50 | 9.38 |
| Science - Other | 0 | 1 | 0 | 0 | 10 | 57 | 57.00 | 0 | 0 | 4.06 | 6.06 |
| Fine Arts - Classical Music | 0 | 1 | 0 | 1 | 10 | 130 | 130.00 | 0 | 0 | 0.00 | 1.14 |
| History - World | 0 | 1 | 1 | 1 | 5 | 85 | 85.00 | 0 | 0 | 1.52 | 5.68 |
| Science - Biology | 0 | 0 | 0 | 0 | 0 | 0.00 | 0 | 0 | 0.00 | 0.00 | |
| Science - Physics | 0 | 0 | 1 | 0 | -5 | 0.00 | 0 | 0 | 0.00 | 0.00 | |
| Popular Culture | 0 | 0 | 1 | 0 | -5 | 0.00 | 0 | 0 | 0.00 | 0.00 |